[Event "WCO 2016"]
[Site "?"]
[Date "2016.09.11"]
[Round "9"]
[Board "28"]
[WhiteID "3600068"]
[White "Pazos Gambarrotti Plinio"]
[BlackID "6900020"]
[Black "Garcia Paolicchi Raul"]
[Result "1-0"]
[BlackElo "2153"]
[WhiteElo "2239"]
[LiveChessVersion "1.4.8"]

1. Nf3 {[%clk 1:30:53]} d5 {[%clk 1:30:50]} 2. c4 {[%clk 1:31:04]} c6
{[%clk 1:30:56]} 3. e3 {[%clk 1:30:37]} Nf6 {[%clk 1:30:50]} 4. d4
{[%clk 1:30:34]} Bg4 {[%clk 1:30:31]} 5. cxd5 {[%clk 1:29:59]} Bxf3
{[%clk 1:30:08]} 6. Qxf3 {[%clk 1:29:17]} cxd5 {[%clk 1:30:16]} 7. Nc3
{[%clk 1:29:26]} e6 {[%clk 1:29:54]} 8. Bd3 {[%clk 1:29:10]} Nc6 {[%clk 1:29:31]}
9. O-O {[%clk 1:29:30]} Be7 {[%clk 1:29:23]} 10. Bd2 {[%clk 1:29:32]} O-O
{[%clk 1:28:16]} 11. Rfc1 {[%clk 1:29:43]} Rc8 {[%clk 1:25:24]} 12. Qd1
{[%clk 1:29:50]} Qd6 {[%clk 1:23:51]} 13. a3 {[%clk 1:25:45]} e5 {[%clk 1:14:35]}
14. Nb5 {[%clk 1:24:48]} Qb8 {[%clk 1:14:34]} 15. dxe5 {[%clk 1:23:34]} Nxe5
{[%clk 1:09:03]} 16. Bf5 {[%clk 1:23:28]} Rcd8 {[%clk 1:07:35]} 17. Qc2
{[%clk 1:14:49]} g6 {[%clk 0:58:54]} 18. Qc7 {[%clk 1:12:10]} Rfe8
{[%clk 0:55:14]} 19. Qxb8 {[%clk 1:08:45]} Rxb8 {[%clk 0:55:39]} 20. Bc3
{[%clk 1:08:40]} Nc6 {[%clk 0:54:30]} 21. Bc2 {[%clk 1:03:47]} a6
{[%clk 0:42:01]} 22. Nd4 {[%clk 1:03:45]} Ne4 {[%clk 0:38:28]} 23. Nxc6
{[%clk 1:00:06]} bxc6 {[%clk 0:38:49]} 24. Be5 {[%clk 1:00:10]} Rb6
{[%clk 0:34:11]} 25. Bxe4 {[%clk 0:53:34]} dxe4 {[%clk 0:32:17]} 26. Bd4
{[%clk 0:53:56]} c5 {[%clk 0:30:22]} 27. Bxc5 {[%clk 0:53:09]} Bxc5
{[%clk 0:30:23]} 28. Rxc5 {[%clk 0:53:35]} Rxb2 {[%clk 0:30:38]} 29. Rc6
{[%clk 0:53:58]} Reb8 {[%clk 0:30:30]} 30. g4 {[%clk 0:53:31]} R8b6
{[%clk 0:29:05]} 31. Rac1 {[%clk 0:53:34]} R2b5 {[%clk 0:28:28]} 32. Rc8+
{[%clk 0:53:17]} Kg7 {[%clk 0:28:36]} 33. Re8 {[%clk 0:52:38]} Rg5
{[%clk 0:22:46]} 34. Rxe4 {[%clk 0:52:22]} f5 {[%clk 0:18:39]} 35. Re7+
{[%clk 0:51:11]} Kf6 {[%clk 0:19:02]} 36. Rxh7 {[%clk 0:47:41]} Rxg4+
{[%clk 0:19:25]} 37. Kf1 {[%clk 0:47:51]} Ra4 {[%clk 0:16:45]} 38. Rc3
{[%clk 0:47:39]} f4 {[%clk 0:11:59]} 39. Kg2 {[%clk 0:42:21]} fxe3
{[%clk 0:10:47]} 40. Rxe3 {[%clk 1:10:12]} Rg4+ {[%clk 0:39:33]} 41. Kf3
{[%clk 1:09:57]} Rg5 {[%clk 0:39:03]} 42. h4 Rf5+ {[%clk 0:33:13]} 43. Kg3
{[%clk 1:02:15]} Re6 {[%clk 0:29:03]} 44. Rd3 {[%clk 1:01:59]} Rc6
{[%clk 0:27:36]} 45. Rhd7 {[%clk 1:01:29]} Ra5 {[%clk 0:26:35]} 46. Kg4
{[%clk 0:59:58]} Ra4+ {[%clk 0:24:14]} 47. f4 {[%clk 0:59:38]} Ra5
{[%clk 0:24:16]} 48. Rb7 {[%clk 0:57:56]} Rac5 {[%clk 0:18:46]} 49. Rbd7
{[%clk 0:56:24]} Ra5 {[%clk 0:18:57]} 50. Rh7 {[%clk 0:56:29]} Rb5
{[%clk 0:13:12]} 51. Rdd7 {[%clk 0:54:03]} Ke6 {[%clk 0:13:13]} 52. Rdg7
{[%clk 0:53:32]} Kd5 {[%clk 0:11:41]} 53. h5 {[%clk 0:52:57]} gxh5+
{[%clk 0:10:04]} 54. Rxh5+ {[%clk 0:53:19]} Kc4 {[%clk 0:10:10]} 55. Rxb5
{[%clk 0:53:12]} Kxb5 {[%clk 0:10:20]} 56. Rh7 {[%clk 0:52:38]} Rg6+
{[%clk 0:09:34]} 57. Kf3 {[%clk 0:50:33]} Ka4 {[%clk 0:09:21]} 58. f5
{[%clk 0:50:59]} Rb6 {[%clk 0:09:03]} 59. Rh1 {[%clk 0:50:37]} Rb3+
{[%clk 0:08:17]} 60. Ke4 {[%clk 0:49:06]} Rxa3 {[%clk 0:08:35]} 61. f6
{[%clk 0:49:15]} Rc3 {[%clk 0:07:34]} 62. Ra1+ {[%clk 0:47:58]} Kb5
{[%clk 0:07:41]} 63. f7 {[%clk 0:46:00]} Rc8 {[%clk 0:07:44]} 64. Kd5
{[%clk 0:46:13]} a5 {[%clk 0:07:26]} 65. Rf1 {[%clk 0:40:31]} Rf8
{[%clk 0:07:49]} 66. Rb1+ {[%clk 0:40:21]} Ka6 {[%clk 0:07:49]} 67. Ke6
{[%clk 0:40:39]} a4 {[%clk 0:07:53]} 68. Ke7 {[%clk 0:41:05]} Rh8
{[%clk 0:07:43]} 69. Rh1 {[%clk 0:40:05]} Rxh1 {[%clk 0:05:10]} 70. f8=Q
{[%clk 0:40:22]} Re1+ {[%clk 0:05:26]} 71. Kd6 {[%clk 0:40:43]} Rd1+
{[%clk 0:05:26]} 72. Kc5 {[%clk 0:41:01]} Rc1+ {[%clk 0:05:27]} 73. Kb4
{[%clk 0:41:22]} Rc6 {[%clk 0:05:06]} 74. Qa8+ {[%clk 0:41:18]} Kb6
{[%clk 0:05:29]} 75. Qb8+ {[%clk 0:41:30]} 1-0

[Event "WCO 2016"]
[Site "?"]
[Date "2016.09.11"]
[Round "9"]
[Board "25"]
[WhiteID "9000399"]
[White "Choukri Adel"]
[BlackID "11300370"]
[Black "Mosenya Ndawana"]
[Result "1/2-1/2"]
[BlackElo "2003"]
[WhiteElo "2269"]
[LiveChessVersion "1.4.8"]

1. Nf3 {[%clk 1:30:56]} Nf6 {[%clk 1:30:47]} 2. c4 {[%clk 1:31:05]} g6
{[%clk 1:31:06]} 3. b4 {[%clk 1:31:27]} Bg7 {[%clk 1:31:17]} 4. Bb2
{[%clk 1:31:54]} a5 {[%clk 1:30:01]} 5. b5 {[%clk 1:32:18]} c5 {[%clk 1:28:08]}
6. g3 {[%clk 1:31:47]} O-O {[%clk 1:28:06]} 7. Bg2 {[%clk 1:32:09]} b6
{[%clk 1:27:28]} 8. d4 {[%clk 1:26:32]} cxd4 {[%clk 1:16:52]} 9. Bxd4
{[%clk 1:24:17]} Bb7 {[%clk 1:14:32]} 10. O-O {[%clk 1:24:39]} d6
{[%clk 1:14:15]} 11. Nc3 {[%clk 1:20:57]} Nbd7 {[%clk 1:14:18]} 12. Nd5
{[%clk 1:20:25]} Rc8 {[%clk 1:11:43]} 13. Nd2 {[%clk 1:20:26]} Nxd5
{[%clk 1:09:03]} 14. Bxg7 {[%clk 1:16:38]} Ne3 {[%clk 1:01:42]} 15. fxe3
{[%clk 1:09:20]} Bxg2 {[%clk 1:01:55]} 16. Kxg2 {[%clk 1:02:42]} Kxg7
{[%clk 1:02:17]} 17. Rc1 {[%clk 1:02:50]} Ne5 {[%clk 1:00:33]} 18. Rf4
{[%clk 1:02:22]} Qd7 {[%clk 0:56:19]} 19. Nf3 {[%clk 1:01:59]} Rc5
{[%clk 0:50:58]} 20. Nxe5 {[%clk 0:57:25]} Rxe5 {[%clk 0:51:18]} 21. Qd4
{[%clk 0:57:25]} Qc7 {[%clk 0:50:11]} 22. a4 {[%clk 0:56:22]} Qc5
{[%clk 0:49:35]} 23. Kf2 {[%clk 0:52:46]} f6 {[%clk 0:49:19]} 24. h4
{[%clk 0:51:09]} Rb8 {[%clk 0:48:32]} 25. Qd3 {[%clk 0:48:31]} Rc8
{[%clk 0:47:59]} 26. Rh1 {[%clk 0:47:24]} d5 {[%clk 0:46:27]} 27. Rc1
{[%clk 0:46:08]} g5 {[%clk 0:43:02]} 28. hxg5 {[%clk 0:45:58]} fxg5
{[%clk 0:42:54]} 29. Qc3 {[%clk 0:27:25]} Qxe3+ {[%clk 0:41:09]} 30. Qxe3
{[%clk 0:27:45]} Rxe3 {[%clk 0:41:36]} 31. Rf5 {[%clk 0:23:31]} Re4
{[%clk 0:34:55]} 32. Rxg5+ {[%clk 0:23:10]} Kf6 {[%clk 0:35:04]} 33. Rxd5
{[%clk 0:22:43]} Rcxc4 {[%clk 0:35:28]} 34. Rxc4 {[%clk 0:19:57]} Rxc4
{[%clk 0:35:44]} 35. Rh5 {[%clk 0:20:24]} Kg6 {[%clk 0:28:29]} 36. Re5
{[%clk 0:20:44]} Kf6 {[%clk 0:28:51]} 37. Rh5 {[%clk 0:20:55]} Kg6
{[%clk 0:28:05]} 38. Re5 {[%clk 0:00:33]} Kf6 {[%clk 0:25:19]} 39. Rh5
{[%clk 0:00:31]} Kg6 {[%clk 0:25:11]} 40. Re5 {[%clk 0:30:34]} 1/2-1/2

[Event "WCO 2016"]
[Site "?"]
[Date "2016.09.11"]
[Round "9"]
[Board "26"]
[WhiteID "11302550"]
[White "Mosutha Thuso"]
[BlackID "9000720"]
[Black "Aithmidou Mohamed-Mehdi"]
[Result "1/2-1/2"]
[BlackElo "2229"]
[WhiteElo "1930"]
[LiveChessVersion "1.4.8"]

1. e4 {[%clk 1:30:45]} e5 {[%clk 1:29:24]} 2. Nf3 {[%clk 1:30:59]} Nc6
{[%clk 1:29:37]} 3. Bb5 {[%clk 1:30:16]} a6 {[%clk 1:29:34]} 4. Ba4
{[%clk 1:30:39]} Nf6 {[%clk 1:29:51]} 5. d3 {[%clk 1:30:42]} b5 {[%clk 1:21:53]}
6. Bb3 {[%clk 1:31:04]} Bd6 {[%clk 1:04:49]} 7. a4 {[%clk 1:29:26]} Bb7
{[%clk 0:55:55]} 8. O-O {[%clk 1:28:34]} Na5 {[%clk 0:53:27]} 9. Ba2
{[%clk 1:28:11]} O-O {[%clk 0:51:41]} 10. c3 {[%clk 1:28:08]} c5 {[%clk 0:51:00]}
11. Bg5 {[%clk 1:28:19]} Re8 {[%clk 0:49:39]} 12. Nbd2 {[%clk 1:28:05]} Bf8
{[%clk 0:45:22]} 13. Re1 {[%clk 1:27:49]} Qb6 {[%clk 0:39:08]} 14. d4
{[%clk 1:22:09]} exd4 {[%clk 0:33:30]} 15. e5 {[%clk 1:22:15]} dxc3
{[%clk 0:32:30]} 16. bxc3 {[%clk 1:21:50]} Nd5 {[%clk 0:32:11]} 17. Ne4
{[%clk 1:21:59]} c4 {[%clk 0:31:44]} 18. Qc2 {[%clk 1:22:02]} b4 {[%clk 0:22:18]}
19. Bb1 {[%clk 1:20:08]} b3 {[%clk 0:21:09]} 20. Qe2 {[%clk 1:20:22]} f5
{[%clk 0:18:42]} 21. exf6 {[%clk 1:20:21]} Nxc3 {[%clk 0:18:01]} 22. f7+
{[%clk 1:09:15]} Kxf7 {[%clk 0:08:50]} 23. Ne5+ {[%clk 1:09:25]} Rxe5
{[%clk 0:08:27]} 24. Qh5+ {[%clk 1:09:41]} g6 {[%clk 0:03:53]} 25. Qxh7+
{[%clk 1:05:06]} Bg7 {[%clk 0:04:16]} 26. Bh6 {[%clk 1:00:50]} Qf6
{[%clk 0:03:00]} 27. Nd6+ {[%clk 0:58:43]} Ke6 {[%clk 0:03:10]} 28. Bf5+
{[%clk 0:56:23]} Kxd6 {[%clk 0:03:01]} 29. Bxg7 {[%clk 0:56:04]} Rxe1+
{[%clk 0:02:41]} 30. Rxe1 {[%clk 0:56:26]} Qxf5 {[%clk 0:02:07]} 31. Bxc3
{[%clk 0:56:21]} Bc6 {[%clk 0:01:57]} 32. Qe7+ {[%clk 0:55:22]} Kc7
{[%clk 0:02:21]} 33. Be5+ {[%clk 0:55:37]} Kb6 {[%clk 0:01:19]} 34. Qb4+
{[%clk 0:55:13]} Bb5 {[%clk 0:01:32]} 35. axb5 {[%clk 0:54:01]} axb5
{[%clk 0:01:37]} 36. Qd6+ {[%clk 0:54:11]} Nc6 {[%clk 0:01:44]} 37. Qc7+
{[%clk 0:54:10]} Kc5 {[%clk 0:02:08]} 38. Qd6+ {[%clk 0:48:39]} Kb6
{[%clk 0:02:35]} 39. Qc7+ {[%clk 0:44:30]} Kc5 {[%clk 0:03:03]} 40. Qd6+
{[%clk 1:08:22]} 1/2-1/2

[Event "WCO 2016"]
[Site "?"]
[Date "2016.09.11"]
[Round "9"]
[Board "27"]
[WhiteID "9000275"]
[White "Becham Khalid"]
[BlackID "11304553"]
[Black "Mapini Otsile"]
[Result "0-1"]
[BlackElo "1972"]
[WhiteElo "2134"]
[LiveChessVersion "1.4.8"]

1. d4 {[%clk 1:30:53]} d5 {[%clk 1:30:47]} 2. c4 {[%clk 1:31:11]} e6
{[%clk 1:31:00]} 3. Nc3 {[%clk 1:31:32]} c6 {[%clk 1:31:24]} 4. e4
{[%clk 1:31:48]} dxe4 {[%clk 1:31:35]} 5. Nxe4 {[%clk 1:32:10]} Nf6
{[%clk 1:30:36]} 6. Nxf6+ {[%clk 1:30:27]} Qxf6 {[%clk 1:30:45]} 7. Nf3
{[%clk 1:30:56]} Bb4+ {[%clk 1:31:00]} 8. Bd2 {[%clk 1:30:49]} Bxd2+
{[%clk 1:31:10]} 9. Qxd2 {[%clk 1:31:12]} O-O {[%clk 1:31:09]} 10. Bd3
{[%clk 1:29:14]} h6 {[%clk 1:26:16]} 11. O-O {[%clk 1:29:36]} Nd7
{[%clk 1:26:33]} 12. Qe3 {[%clk 1:29:14]} c5 {[%clk 1:24:07]} 13. dxc5
{[%clk 1:21:26]} Qxb2 {[%clk 1:23:19]} 14. Rab1 {[%clk 1:21:45]} Qf6
{[%clk 1:11:57]} 15. c6 {[%clk 1:14:06]} bxc6 {[%clk 1:11:17]} 16. Qe4
{[%clk 1:14:25]} g6 {[%clk 1:11:42]} 17. Qxc6 {[%clk 1:14:53]} Rb8
{[%clk 1:12:05]} 18. Rxb8 {[%clk 1:14:35]} Nxb8 {[%clk 1:12:27]} 19. Qc7
{[%clk 1:14:37]} Qd8 {[%clk 1:06:42]} 20. Qxb8 {[%clk 1:10:14]} Qxd3
{[%clk 1:07:05]} 21. Ne5 {[%clk 1:07:11]} Qe4 {[%clk 1:06:21]} 22. Qc7
{[%clk 1:07:19]} Ba6 {[%clk 0:54:33]} 23. Nd7 {[%clk 1:06:37]} Qxc4
{[%clk 0:54:18]} 24. Qxc4 {[%clk 1:06:41]} Bxc4 {[%clk 0:54:41]} 25. Nxf8
{[%clk 1:00:09]} Bxf1 {[%clk 0:54:53]} 26. Nxg6 {[%clk 0:59:33]} Bxg2
{[%clk 0:54:12]} 27. Ne7+ {[%clk 0:59:46]} Kf8 {[%clk 0:54:36]} 28. Nc8
{[%clk 1:00:09]} Bd5 {[%clk 0:53:21]} 29. Nxa7 {[%clk 0:59:23]} Bxa2
{[%clk 0:53:40]} 30. Kg2 {[%clk 0:59:47]} e5 {[%clk 0:53:05]} 31. Kg3
{[%clk 1:00:03]} Be6 {[%clk 0:53:13]} 32. Nc6 {[%clk 1:00:23]} f6
{[%clk 0:53:29]} 33. Kh4 {[%clk 0:58:49]} Bf7 {[%clk 0:53:05]} 34. Kg4
{[%clk 0:59:04]} Bg6 {[%clk 0:53:25]} 35. f3 {[%clk 0:58:04]} Ke8
{[%clk 0:53:14]} 36. Na5 {[%clk 0:57:02]} Kd7 {[%clk 0:53:02]} 37. Nc4
{[%clk 0:57:12]} Ke6 {[%clk 0:53:17]} 38. Ne3 {[%clk 0:57:10]} f5+
{[%clk 0:52:11]} 39. Kh3 {[%clk 0:49:53]} Kd6 {[%clk 0:50:27]} 40. Kg2
{[%clk 1:19:15]} Kc5 {[%clk 1:20:46]} 41. h4 {[%clk 1:17:10]} Kd4
{[%clk 1:20:22]} 42. h5 {[%clk 1:17:32]} Bh7 {[%clk 1:20:30]} 43. Kf2
{[%clk 1:18:01]} Kd3 {[%clk 1:20:37]} 44. Nd5 {[%clk 1:17:44]} Bg8
{[%clk 1:19:54]} 45. Ne7 {[%clk 1:10:16]} Be6 {[%clk 1:19:53]} 46. Ng6
{[%clk 1:10:43]} Kd4 {[%clk 1:17:37]} 47. Ne7 {[%clk 1:06:18]} Kc5
{[%clk 1:17:18]} 48. Kg3 {[%clk 1:04:28]} Kd6 {[%clk 1:17:24]} 49. Ng6
{[%clk 1:04:11]} Bf7 {[%clk 1:17:18]} 50. Kh4 {[%clk 1:01:53]} Be8
{[%clk 1:15:57]} 51. f4 {[%clk 0:58:59]} e4 {[%clk 1:15:39]} 52. Ne5
{[%clk 0:55:56]} Kd5 {[%clk 1:15:57]} 53. Ng6 {[%clk 0:45:47]} e3
{[%clk 1:11:34]} 54. Kg3 {[%clk 0:45:31]} Bxg6 {[%clk 1:11:37]} 55. hxg6
{[%clk 0:45:52]} Ke6 {[%clk 1:12:00]} 56. Kf3 {[%clk 0:44:40]} Kf6
{[%clk 1:12:22]} 57. Kxe3 {[%clk 0:45:06]} Kxg6 {[%clk 1:12:51]} 58. Kf3
{[%clk 0:38:24]} Kf6 {[%clk 1:13:07]} 59. Ke3 {[%clk 0:38:14]} Ke6
{[%clk 1:13:28]} 60. Kd4 {[%clk 0:38:30]} Kd6 {[%clk 1:13:45]} 61. Kc4
{[%clk 0:38:46]} h5 {[%clk 1:12:10]} 62. Kd4 {[%clk 0:38:58]} h4 {[%clk 1:12:19]}
63. Ke3 {[%clk 0:36:59]} Kd5 {[%clk 1:12:40]} 64. Kf3 {[%clk 0:36:30]} Kd4
{[%clk 1:13:04]} 0-1

[Event "WCO 2016"]
[Site "?"]
[Date "2016.09.11"]
[Round "9"]
[Board "28"]
[WhiteID "11302941"]
[White "Monnaatsheko Keletshabile"]
[BlackID "9000623"]
[Black "Hifad Rachid"]
[Result "0-1"]
[BlackElo "2175"]
[WhiteElo "1988"]
[LiveChessVersion "1.4.8"]

1. e4 {[%clk 1:30:49]} d6 {[%clk 1:30:56]} 2. d4 {[%clk 1:31:04]} g6
{[%clk 1:30:46]} 3. Nc3 {[%clk 1:31:14]} Bg7 {[%clk 1:31:15]} 4. Be3
{[%clk 1:31:34]} c6 {[%clk 1:31:36]} 5. Be2 {[%clk 1:31:43]} b5 {[%clk 1:31:59]}
6. g4 {[%clk 1:30:41]} Nd7 {[%clk 1:31:26]} 7. a3 {[%clk 1:21:04]} a6
{[%clk 1:31:35]} 8. h4 {[%clk 1:20:17]} Bb7 {[%clk 1:29:41]} 9. h5
{[%clk 1:19:16]} Qc7 {[%clk 1:30:09]} 10. Nh3 {[%clk 1:15:19]} e6
{[%clk 1:27:41]} 11. Qd2 {[%clk 1:09:05]} c5 {[%clk 1:17:45]} 12. dxc5
{[%clk 1:04:02]} dxc5 {[%clk 1:18:14]} 13. f3 {[%clk 0:44:51]} gxh5
{[%clk 1:12:38]} 14. gxh5 {[%clk 0:44:10]} O-O-O {[%clk 1:12:23]} 15. O-O-O
{[%clk 0:42:29]} Ne7 {[%clk 1:11:20]} 16. Ng5 {[%clk 0:32:30]} Ne5
{[%clk 1:11:34]} 17. Qe1 {[%clk 0:32:32]} h6 {[%clk 1:12:03]} 18. Nh3
{[%clk 0:28:14]} Nd7 {[%clk 1:11:39]} 19. Rg1 {[%clk 0:27:27]} Be5
{[%clk 1:12:00]} 20. Nf2 {[%clk 0:23:25]} Nc6 {[%clk 1:06:06]} 21. Nd3
{[%clk 0:17:23]} Bd4 {[%clk 1:05:53]} 22. Bf1 {[%clk 0:15:59]} Qh2
{[%clk 1:03:32]} 23. Qf2 {[%clk 0:10:30]} Qxf2 {[%clk 0:59:16]} 24. Bxf2
{[%clk 0:10:29]} Nde5 {[%clk 0:57:25]} 25. Bxd4 {[%clk 0:09:44]} cxd4
{[%clk 0:57:47]} 26. Nxe5 {[%clk 0:05:57]} Nxe5 {[%clk 0:57:20]} 27. Ne2
{[%clk 0:06:15]} Nxf3 {[%clk 0:57:29]} 28. Rg7 {[%clk 0:06:28]} Ng5
{[%clk 0:57:26]} 29. e5 {[%clk 0:05:51]} Bf3 {[%clk 0:52:08]} 30. Rxd4
{[%clk 0:05:42]} Bxe2 {[%clk 0:52:10]} 31. Rxd8+ {[%clk 0:06:04]} Kxd8
{[%clk 0:52:34]} 32. Bxe2 {[%clk 0:06:16]} Ke7 {[%clk 0:52:59]} 33. a4
{[%clk 0:05:37]} Rb8 {[%clk 0:53:18]} 34. a5 {[%clk 0:04:14]} Kf8
{[%clk 0:53:32]} 35. Rxg5 {[%clk 0:04:24]} hxg5 {[%clk 0:54:00]} 36. h6
{[%clk 0:04:24]} Rc8 {[%clk 0:54:04]} 37. Kd2 {[%clk 0:02:48]} Rc5
{[%clk 0:54:25]} 38. b4 {[%clk 0:02:34]} Rd5+ {[%clk 0:54:24]} 39. Bd3
{[%clk 0:02:02]} g4 {[%clk 0:53:56]} 40. Ke3 {[%clk 0:31:54]} Rxe5+
{[%clk 1:23:53]} 41. Kf4 {[%clk 0:32:03]} Rd5 {[%clk 1:24:00]} 42. Kxg4 Rd4+
{[%clk 1:24:00]} 43. Kg5 {[%clk 0:26:50]} Rxb4 {[%clk 1:24:20]} 44. Kf6
{[%clk 0:26:47]} Rf4+ {[%clk 1:24:31]} 45. Ke5 {[%clk 0:26:59]} Rh4
{[%clk 1:24:53]} 46. h7 {[%clk 0:26:41]} Ke7 {[%clk 1:25:15]} 47. Be4
{[%clk 0:25:38]} f6+ {[%clk 1:23:53]} 0-1

[Event "WCO 2016"]
[Site "?"]
[Date "2016.09.11"]
[Round "9"]
[Board "29"]
[WhiteID "1700146"]
[White "Wiedenkeller Michael"]
[BlackID "4300599"]
[Black "Kulashko Alexei"]
[Result "1/2-1/2"]
[BlackElo "2348"]
[WhiteElo "2458"]
[LiveChessVersion "1.4.8"]

1. d4 {[%clk 1:30:38]} d5 {[%clk 1:30:53]} 2. c4 {[%clk 1:30:30]} c5
{[%clk 1:31:17]} 3. cxd5 {[%clk 1:26:05]} Nf6 {[%clk 1:31:39]} 4. Nf3
{[%clk 1:20:35]} cxd4 {[%clk 1:31:36]} 5. Qxd4 {[%clk 1:16:46]} Qxd5
{[%clk 1:31:55]} 6. Nc3 {[%clk 1:15:33]} Qxd4 {[%clk 1:32:19]} 7. Nxd4
{[%clk 1:16:02]} a6 {[%clk 1:32:42]} 8. e4 {[%clk 1:13:54]} e5 {[%clk 1:32:29]}
9. Nb3 {[%clk 1:11:07]} Be6 {[%clk 1:31:25]} 10. f3 {[%clk 1:08:51]} Nc6
{[%clk 1:28:35]} 11. Be3 {[%clk 0:47:25]} Nb4 {[%clk 1:26:39]} 12. Kf2
{[%clk 0:39:01]} Nc2 {[%clk 0:44:08]} 13. Rc1 {[%clk 0:37:18]} Nxe3
{[%clk 0:44:24]} 14. Kxe3 {[%clk 0:37:45]} b5 {[%clk 0:38:32]} 15. Bd3
{[%clk 0:36:32]} Bb4 {[%clk 0:34:09]} 16. a3 {[%clk 0:29:36]} Be7
{[%clk 0:26:17]} 17. Na5 {[%clk 0:27:36]} Nh5 {[%clk 0:25:52]} 18. Rcd1
{[%clk 0:20:02]} Nf4 {[%clk 0:16:08]} 19. g3 {[%clk 0:18:57]} Bc5+
{[%clk 0:16:27]} 20. Kd2 {[%clk 0:19:17]} Nh3 {[%clk 0:16:10]} 21. Nb7
{[%clk 0:09:47]} Bb6 {[%clk 0:15:35]} 22. Rc1 {[%clk 0:08:05]} Nf2
{[%clk 0:09:06]} 23. Rhe1 {[%clk 0:08:10]} Nxd3 {[%clk 0:07:47]} 24. Kxd3
{[%clk 0:08:31]} Bc4+ {[%clk 0:08:04]} 25. Kc2 {[%clk 0:07:54]} Ke7
{[%clk 0:06:52]} 26. Rcd1 {[%clk 0:06:48]} Bf2 {[%clk 0:06:51]} 27. Rh1
{[%clk 0:06:45]} Bd4 {[%clk 0:06:21]} 28. Na5 {[%clk 0:05:38]} Rac8
{[%clk 0:05:43]} 29. Nxc4 {[%clk 0:04:26]} Rxc4 {[%clk 0:06:06]} 30. Kb3
{[%clk 0:03:22]} Bxc3 {[%clk 0:03:15]} 31. bxc3 {[%clk 0:03:49]} Rd8
{[%clk 0:03:15]} 32. Rxd8 {[%clk 0:03:30]} Kxd8 {[%clk 0:03:44]} 33. Rd1+
{[%clk 0:03:39]} Ke7 {[%clk 0:03:55]} 34. Rd5 {[%clk 0:03:38]} f6
{[%clk 0:04:10]} 35. Kb2 {[%clk 0:03:19]} h5 {[%clk 0:04:17]} 36. h4
{[%clk 0:02:47]} Rc6 {[%clk 0:03:43]} 37. Kb3 {[%clk 0:02:50]} g6
{[%clk 0:03:38]} 38. Kb4 {[%clk 0:02:38]} Rc4+ {[%clk 0:03:53]} 39. Kb3
{[%clk 0:03:02]} Rc8 {[%clk 0:04:00]} 40. Kb4 {[%clk 0:32:58]} Rc4+
{[%clk 0:34:14]} 41. Kb3 {[%clk 0:33:02]} Rc8 {[%clk 0:31:40]} 1/2-1/2

[Event "WCO 2016"]
[Site "?"]
[Date "2016.09.11"]
[Round "9"]
[Board "30"]
[WhiteID "4300513"]
[White "Wastney Scott"]
[BlackID "4000102"]
[Black "Berend Fred"]
[Result "0-1"]
[BlackElo "2328"]
[WhiteElo "2312"]
[LiveChessVersion "1.4.8"]

1. e4 {[%clk 1:30:57]} c5 {[%clk 1:30:55]} 2. Nf3 {[%clk 1:31:21]} e6
{[%clk 1:31:24]} 3. d4 {[%clk 1:31:43]} cxd4 {[%clk 1:31:52]} 4. Nxd4
{[%clk 1:32:04]} Nc6 {[%clk 1:32:19]} 5. Nc3 {[%clk 1:32:21]} d6 {[%clk 1:32:44]}
6. Be2 {[%clk 1:31:56]} Nf6 {[%clk 1:33:03]} 7. O-O {[%clk 1:31:33]} Be7
{[%clk 1:33:23]} 8. Be3 {[%clk 1:30:18]} O-O {[%clk 1:33:33]} 9. f4
{[%clk 1:30:14]} Bd7 {[%clk 1:30:09]} 10. Kh1 {[%clk 1:22:01]} a6
{[%clk 1:29:25]} 11. a4 {[%clk 1:18:39]} Rc8 {[%clk 1:24:44]} 12. Nb3
{[%clk 1:12:20]} Na5 {[%clk 1:08:40]} 13. e5 {[%clk 1:10:52]} Ne8
{[%clk 1:07:03]} 14. Nxa5 {[%clk 1:07:07]} Qxa5 {[%clk 1:07:12]} 15. Ne4
{[%clk 0:51:27]} d5 {[%clk 0:55:46]} 16. Ng3 {[%clk 0:49:04]} g6 {[%clk 0:52:13]}
17. Bd3 {[%clk 0:47:59]} Ng7 {[%clk 0:48:47]} 18. Bd4 {[%clk 0:42:34]} Qd8
{[%clk 0:46:22]} 19. Qe2 {[%clk 0:39:48]} h5 {[%clk 0:28:26]} 20. Qd2
{[%clk 0:34:32]} Kh7 {[%clk 0:21:34]} 21. Ne2 {[%clk 0:31:54]} Rh8 22. Ng1
{[%clk 0:26:03]} h4 {[%clk 0:13:59]} 23. Nf3 {[%clk 0:25:59]} Kg8
{[%clk 0:14:14]} 24. Bc3 {[%clk 0:22:38]} Nh5 {[%clk 0:10:48]} 25. Kg1
{[%clk 0:21:52]} Ng7 {[%clk 0:10:34]} 26. Bd4 {[%clk 0:21:54]} Rh5
{[%clk 0:10:30]} 27. Bf2 {[%clk 0:21:21]} Nf5 {[%clk 0:09:31]} 28. Nd4
{[%clk 0:21:10]} Qe8 {[%clk 0:05:32]} 29. b3 {[%clk 0:15:26]} Qf8
{[%clk 0:05:14]} 30. Qe2 {[%clk 0:13:54]} Rh8 {[%clk 0:04:25]} 31. Qg4
{[%clk 0:12:32]} Bc5 {[%clk 0:03:50]} 32. Nxf5 {[%clk 0:12:28]} exf5
{[%clk 0:04:19]} 33. Qf3 Be6 {[%clk 0:04:09]} 34. h3 {[%clk 0:10:16]} Kg7
{[%clk 0:04:18]} 35. Rad1 {[%clk 0:09:54]} Rc7 {[%clk 0:03:51]} 36. Kh1
{[%clk 0:09:45]} Bxf2 {[%clk 0:03:11]} 37. Qxf2 {[%clk 0:10:00]} Qb4
{[%clk 0:03:05]} 38. Rd2 {[%clk 0:09:07]} Rc3 {[%clk 0:02:24]} 39. Rfd1
{[%clk 0:09:08]} Qe7 {[%clk 0:00:41]} 40. Qd4 {[%clk 0:39:02]} Rhc8
{[%clk 0:31:08]} 41. Qf2 {[%clk 0:30:53]} R8c7 {[%clk 0:26:16]} 42. Kh2
{[%clk 0:27:52]} Kf8 {[%clk 0:22:38]} 43. Kh1 {[%clk 0:27:18]} Rc8
{[%clk 0:18:17]} 44. Kh2 {[%clk 0:26:21]} Kg7 {[%clk 0:17:53]} 45. Kh1
{[%clk 0:26:12]} Kh6 {[%clk 0:15:22]} 46. Kh2 {[%clk 0:26:03]} Kh7
{[%clk 0:10:55]} 47. Kh1 {[%clk 0:26:15]} Kg7 {[%clk 0:11:19]} 48. Kh2
{[%clk 0:25:57]} R3c7 {[%clk 0:06:29]} 49. Kh1 {[%clk 0:25:17]} Rc6
{[%clk 0:06:25]} 50. Kh2 {[%clk 0:25:12]} Rc5 {[%clk 0:03:27]} 51. Kh1
{[%clk 0:25:10]} R8c6 {[%clk 0:03:17]} 52. Kh2 {[%clk 0:25:13]} Rb6
{[%clk 0:03:35]} 53. Bf1 {[%clk 0:22:27]} Rb4 {[%clk 0:02:19]} 54. Rd4
{[%clk 0:22:05]} Rxd4 {[%clk 0:01:54]} 55. Rxd4 {[%clk 0:22:19]} Rc3
{[%clk 0:01:59]} 56. Rd2 {[%clk 0:18:55]} g5 {[%clk 0:01:21]} 57. fxg5
{[%clk 0:16:31]} Qxg5 {[%clk 0:01:36]} 58. Rd3 {[%clk 0:14:20]} Rxd3
{[%clk 0:01:52]} 59. Bxd3 {[%clk 0:14:42]} f4 {[%clk 0:02:12]} 60. Kh1
{[%clk 0:07:28]} Qg3 {[%clk 0:02:09]} 61. Qe2 {[%clk 0:04:23]} Kh6
{[%clk 0:02:32]} 62. a5 {[%clk 0:03:49]} Kg5 {[%clk 0:02:43]} 63. b4
{[%clk 0:03:50]} Qe3 {[%clk 0:02:40]} 64. Qf1 {[%clk 0:02:47]} d4
{[%clk 0:02:52]} 65. Be2 {[%clk 0:01:52]} Bd5 {[%clk 0:01:33]} 66. Bg4
{[%clk 0:01:41]} Qxe5 {[%clk 0:01:52]} 67. Bf3 {[%clk 0:01:31]} Bxf3
{[%clk 0:02:04]} 68. gxf3 {[%clk 0:01:58]} Kh5 {[%clk 0:01:51]} 69. Qg1
{[%clk 0:01:15]} f5 {[%clk 0:02:13]} 70. Qg8 {[%clk 0:01:26]} Qe1+
{[%clk 0:02:41]} 71. Kg2 {[%clk 0:01:39]} Qg3+ {[%clk 0:03:04]} 72. Qxg3
{[%clk 0:01:56]} fxg3 {[%clk 0:03:25]} 0-1